Virgins patrons of latin countries - Statistics

General Stats
  • This quiz has been taken 5 times
  • The average score is 12 of 20
Answer Stats
Virgin patroness Country % Correct
Nuestra Señora de Luján Argentina
100%
Nuestra Señora del Rosario de Chiquinquirá Colombia
80%
Nuestra Señora de Guadalupe Mexico
80%
Nuestra Señora de la Inmaculada Concepción Panama
80%
Nuestra Señora de la Merced Peru
80%
Nuestra Señora de Copacabana Bolivia
60%
Nuestra Señora del Carmen de Maipú Chile
60%
Nuestra Señora de los Ángeles Costa Rica
60%
Nuestra Señora de la Caridad de El Cobre Cuba
60%
Nuestra Señora de la Altagracia Dominican Republic
60%
Nuestra Señora de la Paz El Salvador
60%
Nuestra Señora de Suyapa Honduras
60%
Nuestra Señora de la Inmaculada Concepción de "El Viejo" Nicaragua
60%
Nuestra Señora de Caacupé Paraguay
60%
Nuestra Señora del Pilar Spain
60%
Nuestra Señora de los Treinta y Tres Uruguay
60%
Nuestra Señora de Coromoto Venezuela
60%
Nuestra Señora de la Presentación de Quinche Ecuador
40%
Nuestra Señora del Rosario Guatemala
40%
Nuestra Señora Aparecida Brazil
20%
No matching quizzes found
Score Distribution
Percent of People with Each Score
Percentile by Number Answered
Your Score History
You have not taken this quiz